Bulletin de la Société mathématique de Belgique.
Saved in:
| New Title: | Bulletin de la Société mathématique de Belgique. Série A. Bulletin de la Société mathematique de Belgique. Série B. |
|---|---|
| Corporate Author: | |
| Format: | Journal |
| Language: | French |
| Published: |
Bruxelles [etc.] :
Société mathématique de Belgique.
|
| Subjects: |
| LEADER | 02074cas a22004211a 4500 | ||
|---|---|---|---|
| 001 | c000186628 | ||
| 003 | CARM | ||
| 005 | 20051021114929.0 | ||
| 008 | 770311d19481976be qrzp 0 b0fre d | ||
| 010 | |a 52024392 | ||
| 019 | 1 | |a 891412 |z 44761739 |5 LACONCORD2021 | |
| 022 | |a 0373-2053 | ||
| 022 | |a 0037-9476 | ||
| 035 | |a (OCoLC)1765845 |5 LACONCORD2021 | ||
| 040 | |a LC |b eng |c LC |d LC | ||
| 042 | |a nsdp |a lcd |a premarc | ||
| 050 | 0 | 0 | |a QA1 |b .S582 |
| 110 | 2 | |a Société mathématique de Belgique. | |
| 210 | 0 | |a Bull. Soc. math. Belg | |
| 222 | 0 | |a Bulletin de la Société mathématique de Belgique | |
| 245 | 1 | 0 | |a Bulletin de la Société mathématique de Belgique. |
| 260 | |a Bruxelles [etc.] : |b Société mathématique de Belgique. | ||
| 300 | |a 28 v. ; |c 25 cm. | ||
| 310 | |a Quarterly | ||
| 362 | 0 | |a v. 1-28; 1947/48-1976. | |
| 510 | 1 | |a Mathematical reviews |x 0025-5629 | |
| 555 | |a Author index, v. 1-45 (1947/1948-1993). 1 v. (Includes vols. published after the journal split into Series A and B.) | ||
| 580 | |a Split into: Bulletin de la Société mathématique de Belgique. Série A; and: Bulletin de la Société mathématique de Belgique. Série B. | ||
| 650 | 0 | |a Mathematics |x Periodicals. | |
| 785 | 1 | 6 | |t Bulletin de la Société mathématique de Belgique. Série A. |d Bruxelles, Belgium : La Société, 1977-1993. |x 0771-1204 |y BMBEAC |w (DLC)sn 82021120 |
| 785 | 1 | 6 | |t Bulletin de la Société mathematique de Belgique. Série B. |d Bruxelles : La Société, 1977-1993. |x 0771-1158 |y BMBEAC |w (DLC)sn 82021119 |
| 852 | 8 | |b CARM |h A2:AQ02F0 |i C07628 |p 0260787 |f SE | |
| 852 | 8 | |b CARM |h A2:AP13F0 |i C07645 |p 0260853 |f SE | |
| 866 | 0 | |a 1(1947)-28(1976) | |
| 866 | 0 | |a 1(1947)-28(1976) | |
| 999 | f | f | |i ced07981-c38a-5ff2-950a-c2845998f18e |s af7aa7ac-4837-5ea9-8082-a19f9c2a1e56 |
| 952 | f | f | |p Can circulate |a CAVAL |b CAVAL |c CAVAL |d CARM 1 Store |e C07645 |f A2:AP13F0 |h Other scheme |i book |k 15(1963)-16(1964);18(1966);20(1968)-28(1976) |m 0260853 |
| 952 | f | f | |p Can circulate |a CAVAL |b CAVAL |c CAVAL |d CARM 1 Store |e C07628 |f A2:AQ02F0 |h Other scheme |i book |k 1(1947)-14(1962);17(1965);19(1967) |m 0260787 |